<?xml version="1.0" encoding="UTF-8"?><record xmlns="http://www.loc.gov/MARC21/slim" xmlns:zs="http://docs.oasis-open.org/ns/search-ws/sruResponse">
  <leader>02704ckm a22004937a 4500</leader>
  <controlfield tag="001">23216582</controlfield>
  <controlfield tag="005">20250607122547.2</controlfield>
  <controlfield tag="007">kj cc|</controlfield>
  <controlfield tag="007">cr |||||||||||</controlfield>
  <controlfield tag="008">230706s2021    xxunnn       ||   kneng  </controlfield>
  <datafield ind1=" " ind2=" " tag="035">
    <subfield code="a">23216582</subfield>
  </datafield>
  <datafield ind1=" " ind2=" " tag="906">
    <subfield code="a">p</subfield>
    <subfield code="b">cbc</subfield>
    <subfield code="c">orignew</subfield>
    <subfield code="d">u</subfield>
    <subfield code="e">ncip</subfield>
    <subfield code="f">20</subfield>
    <subfield code="g">y-printpho</subfield>
  </datafield>
  <datafield ind1=" " ind2=" " tag="955">
    <subfield code="a">pnpm qw09 2023-07</subfield>
  </datafield>
  <datafield ind1=" " ind2=" " tag="010">
    <subfield code="a">  2023636282</subfield>
  </datafield>
  <datafield ind1=" " ind2=" " tag="037">
    <subfield code="a">LC-DIG-ppmsca-84269</subfield>
    <subfield code="b">DLC</subfield>
    <subfield code="c">(digital file from original, front)</subfield>
  </datafield>
  <datafield ind1=" " ind2=" " tag="037">
    <subfield code="a">LC-DIG-ppmsca-84270</subfield>
    <subfield code="b">DLC</subfield>
    <subfield code="c">(digital file from original, back)</subfield>
  </datafield>
  <datafield ind1=" " ind2=" " tag="040">
    <subfield code="a">DLC</subfield>
    <subfield code="b">eng</subfield>
    <subfield code="e">dcrmg</subfield>
    <subfield code="c">DLC</subfield>
    <subfield code="d">DLC</subfield>
  </datafield>
  <datafield ind1="0" ind2="0" tag="050">
    <subfield code="a">Unprocessed in PR 13 CN 2021:050,</subfield>
    <subfield code="b">no. 6</subfield>
  </datafield>
  <datafield ind1="1" ind2=" " tag="100">
    <subfield code="a">Kennedy, Amos Paul,</subfield>
    <subfield code="c">Jr.,</subfield>
    <subfield code="e">artist.</subfield>
  </datafield>
  <datafield ind1="1" ind2="0" tag="245">
    <subfield code="a">And when I had my chance to help do something, I would seize it</subfield>
    <subfield code="h">[graphic].</subfield>
  </datafield>
  <datafield ind1="1" ind2="3" tag="246">
    <subfield code="i">Alternate title:</subfield>
    <subfield code="a">1960 Arlington sit-ins Virginia</subfield>
  </datafield>
  <datafield ind1=" " ind2=" " tag="260">
    <subfield code="a">[Arlington, Virginia] :</subfield>
    <subfield code="b">[Arlington Arts],</subfield>
    <subfield code="c">[2021]</subfield>
  </datafield>
  <datafield ind1=" " ind2=" " tag="300">
    <subfield code="a">1 print :</subfield>
    <subfield code="b">color letterpress ;</subfield>
    <subfield code="c">sheet 20 x 15 cm.</subfield>
  </datafield>
  <datafield ind1=" " ind2=" " tag="336">
    <subfield code="a">still image</subfield>
    <subfield code="b">sti</subfield>
    <subfield code="2">rdacontent</subfield>
  </datafield>
  <datafield ind1=" " ind2=" " tag="337">
    <subfield code="a">unmediated</subfield>
    <subfield code="b">n</subfield>
    <subfield code="2">rdamedia</subfield>
  </datafield>
  <datafield ind1=" " ind2=" " tag="338">
    <subfield code="a">sheet</subfield>
    <subfield code="b">nb</subfield>
    <subfield code="2">rdacarrier</subfield>
  </datafield>
  <datafield ind1=" " ind2=" " tag="500">
    <subfield code="a">Title transcribed from item.</subfield>
  </datafield>
  <datafield ind1=" " ind2=" " tag="500">
    <subfield code="a">From: The Desegregation of Arlington Lunch Counters: 60th Anniversary Tribute.</subfield>
  </datafield>
  <datafield ind1=" " ind2=" " tag="506">
    <subfield code="a">Served by appointment only (Unprocessed). To make a request, see "Access to Unprocessed Materials,"</subfield>
    <subfield code="u">http://www.loc.gov/rr/print/info/022_unpr.html</subfield>
  </datafield>
  <datafield ind1="0" ind2=" " tag="520">
    <subfield code="a">Print includes quotation by Joan Trumpauer Mulholland in an oral interview at the Library of Congress, March 17, 2013, referencing F.W. Woolworth Company, 4024 28 St. S., remodeled, now near Guapo's in Shirlington, 4024 Campbell Ave., Arlington, Virginia.</subfield>
  </datafield>
  <datafield ind1=" " ind2=" " tag="540">
    <subfield code="a">Publication may be restricted. See "Amos Paul Kennedy, Jr. -- Rights and Restrictions Information</subfield>
    <subfield code="u">https://www.loc.gov/rr/print/res/789_kenn.html</subfield>
  </datafield>
  <datafield ind1="1" ind2="4" tag="600">
    <subfield code="a">Mulholland, Joan Trumpauer,</subfield>
    <subfield code="d">1941-</subfield>
    <subfield code="x">Quotations.</subfield>
  </datafield>
  <datafield ind1="2" ind2="4" tag="610">
    <subfield code="a">F.W. Woolworth Company</subfield>
    <subfield code="x">Riots &amp; demonstrations</subfield>
    <subfield code="z">Virginia</subfield>
    <subfield code="z">Arlington</subfield>
    <subfield code="y">1960.</subfield>
  </datafield>
  <datafield ind1=" " ind2="4" tag="650">
    <subfield code="a">African Americans</subfield>
    <subfield code="x">Civil rights</subfield>
    <subfield code="z">Virginia</subfield>
    <subfield code="z">Arlington</subfield>
    <subfield code="y">1960.</subfield>
  </datafield>
  <datafield ind1=" " ind2="7" tag="650">
    <subfield code="a">Soda fountains</subfield>
    <subfield code="z">Virginia</subfield>
    <subfield code="z">Arlington</subfield>
    <subfield code="y">1960.</subfield>
    <subfield code="2">lctgm</subfield>
  </datafield>
  <datafield ind1=" " ind2="7" tag="650">
    <subfield code="a">Civil rights demonstrations</subfield>
    <subfield code="z">Virginia</subfield>
    <subfield code="z">Arlington</subfield>
    <subfield code="y">1960.</subfield>
    <subfield code="2">lctgm</subfield>
  </datafield>
  <datafield ind1=" " ind2="7" tag="655">
    <subfield code="a">Commemorative prints</subfield>
    <subfield code="x">American</subfield>
    <subfield code="y">2000-2030.</subfield>
    <subfield code="2">gmgpc</subfield>
  </datafield>
  <datafield ind1=" " ind2="7" tag="655">
    <subfield code="a">Letterpress works</subfield>
    <subfield code="x">Color</subfield>
    <subfield code="y">2000-2030.</subfield>
    <subfield code="2">gmgpc</subfield>
  </datafield>
  <datafield ind1=" " ind2=" " tag="852">
    <subfield code="a">Library of Congress</subfield>
    <subfield code="b">Prints and Photographs Division</subfield>
    <subfield code="e">Washington, D.C. 20540 USA</subfield>
    <subfield code="n">dcu</subfield>
    <subfield code="u">http://hdl.loc.gov/loc.pnp/pp.print</subfield>
  </datafield>
  <datafield ind1="4" ind2="1" tag="856">
    <subfield code="3">digital file from original, front</subfield>
    <subfield code="d">ppmsca</subfield>
    <subfield code="f">84269</subfield>
    <subfield code="q">p</subfield>
    <subfield code="u">http://hdl.loc.gov/loc.pnp/ppmsca.84269</subfield>
  </datafield>
  <datafield ind1="4" ind2="1" tag="856">
    <subfield code="3">digital file from original, back</subfield>
    <subfield code="d">ppmsca</subfield>
    <subfield code="f">84270</subfield>
    <subfield code="q">p</subfield>
    <subfield code="u">http://hdl.loc.gov/loc.pnp/ppmsca.84270</subfield>
  </datafield>
  <datafield ind1=" " ind2=" " tag="985">
    <subfield code="a">pp/cph</subfield>
  </datafield>
  <datafield ind1=" " ind2=" " tag="985">
    <subfield code="a">pp/diof</subfield>
  </datafield>
  <datafield ind1=" " ind2=" " tag="991">
    <subfield code="b">c-P&amp;P</subfield>
  </datafield>
</record>
